Регионална библиотека "Любен Каравелов" - Русе

Ипотеки, залог, привилегии (Запис номер 414)

MARC детайли
000 -Лидер
Контролно поле с фиксирана дължина 01444nam a2200373 a 4500
003 - Код на организацията, давaща контролен номер
Контролно поле BLK
005 - Дата и час на последна редакция
Контролно поле 20230609164120.0
008 - Елементи от данни с фиксирана дължина
fixed length control field 180412b bul|||||r ||||||| ||bul||
010 ## - Наследен системен номер
LC control number KNG00000654000
020 ## - Международен стандартен номер на книга ISBN
Международен стандартен номер на книга ISBN 954-8160-19-0
020 ## - Международен стандартен номер на книга ISBN
Международен стандартен номер на книга ISBN 954-8150-19-0
040 ## - Източник на каталожния запис
Идентификатор на билиотеката - собственик на записа BLK
041 ## - Код за език
Код за езика на текст/звукозапис или на отделно заглавие Български
Код за езика КДБФ Български
080 ## - УДК
УДК код - определител по УДК 347.27/.28
УДК определител (497.2)
УДК - код + определител 347.27/.28(497.2)
100 1# - Редна дума - Автор
Автор Венедиков, Петко Йорданов
Авторска отговорност първи автор
R(LIN) 242352
139 ## - Редно поле
Редна дума Венедиков, Петко Йорданов
Авторски знак Вен - В 46
245 10 - Сведения за заглавието
Заглавие Ипотеки, залог, привилегии
Подзаглавни данни С бел. в промените в правното законодателство след 1948 г. : [Изследване]
Редно поле (дума) Петко Йорданов Венедиков.
250 ## - Област на изданието
Сведения за изданието 3. изд.
260 ## - Област на издателските данни
Място на издаване, разпространение и проч. София
Име на издателя, разпространителя и проч. Сиби
Година на издаване 1994
300 ## - Физическа характеристика
Страници 304 с.
Размери/Мащаб 21 см
380 ## - Жанр
Жанр Обществени науки
490 ## - СЕРИИ (Колекции)
Име на серия Петко Венедиков
№: серия 1
500 ## - Общи забележки
Забележка 1. изд. 1938 на печ. С. М. Стайков.- Библиогр. с. 301-303 ; Предм. показалец.- Офс. изд.- 7 000 тир.
650 #4 - Допълнително описание по предмет – тема
Основно описание – тема или топоним Вещно право - България
9 (RLIN) 242353
653 ## - Ключова дума – ненормативна
Ключова дума ипотеки
653 ## - Ключова дума – ненормативна
Ключова дума вещно право
852 ## - Местоположение
Форматна сигнатура Цб 176307
Фондова буква Хранилище
856 4# - Електронен адрес и достъп
Електронен формат pdf - файл
Път до файла /url/
856 4# - Електронен адрес и достъп
Електронен формат pdf - файл
Път до файла /url/
942 ## - АРТИКУЛИ
Вид на библиотечния материал Книги
Скрит в OPAC Не
944 ## - СЪЗДАВАНЕ И РЕДАКЦИЯ на ЗАПИСА
Създаване/Редакция Създаване
Дата на регистрацията/редакция 15.01.2003
Служител, извършил регистрацията/редакцията Геновева_Генчева
944 ## - СЪЗДАВАНЕ И РЕДАКЦИЯ на ЗАПИСА
Създаване/Редакция Редакция
Дата на регистрацията/редакция 21.01.2004
999 ## - СИСТЕМНИ КОНТРОЛНИ НОМЕРА
Koha biblionumber 414
Koha biblioitemnumber 414
999 ## - СИСТЕМНИ КОНТРОЛНИ НОМЕРА
Koha biblioitemnumber 414
Наличности
Код за отписване Код за изгубен артикул Източник на класификационната схема Код за повреда Коз за рестрикции Код за отдаване Артикулен № Име на библиотеката - собственик Име на библиотеката, в която се намира в момента Статус (Текущо местоположение) Дата на вписване в системата Местоположение - отдел Цена в лева Инвентарен номер Систематично азбучна сигнатура Баркод Номер на екземпляра Цена в евро Служебна бележка Служебен тип на артикула
  Не е изгубен Universal Decimal Classification Не е повреден без рестрикции ползва се в читалня 804 Регионална библиотека "Любен Каравелов" Русе Регионална библиотека "Любен Каравелов" Русе Хранилище 1994-01-01 Хранилище 2.00 600474 Цб 176307 120000600474 1 1.02 Дост: Dp Вид: Д N: 8 Дата: 01.01.1994 Книги
Изтеглен Не е изгубен Universal Decimal Classification Не е повреден без рестрикции заемане за дома 805 Регионална библиотека "Любен Каравелов" Русе Регионална библиотека "Любен Каравелов" Русе Заемна - подръчен фонд 1994-01-01 Заемна - подръчен фонд 2.00 595623 П 347(497.2)/В 46 595623 2 1.02 Дост: Pk Вид: Ф N: стар фонд Дата: 01.01.1994 Дата инв: 14.03.2017 Бележки инв: Ч2017 Книги
Vip Innovations Ltd, Rousse, Bulgaria 2025